Storie di bimbe di donne, di streghe /
I tiakina i:
| Kaituhi matua: | |
|---|---|
| Ētahi atu kaituhi: | |
| Hōputu: | Pukapuka |
| Reo: | Itāriana |
| I whakaputaina: |
Firenze :
Giunti,
stampa 1994
|
| Putanga: | 5. rist |
| Rangatū: | Astrea ;
15 |
| Ngā Tūtohu: |
Kāore He Tūtohu, Me noho koe te mea tuatahi ki te tūtohu i tēnei pūkete!
|
MARC
| LEADER | 00000nam a22000007i 4500 | ||
|---|---|---|---|
| 001 | IT\ICCU\CFI\0301527 | ||
| 003 | ItRI | ||
| 005 | 20260115231859.0 | ||
| 008 | 950817s1994 it |||||| ||||| |||||c | ||
| 020 | |a 8809201159 | ||
| 040 | |b ita |c importazione bologna sebina | ||
| 041 | 7 | |a ita |2 ISO-639-2 | |
| 082 | |a 823.8 |9 NARRATIVA INGLESE. 1837-1900 |2 20 | ||
| 100 | 1 | |a Gaskell, Elizabeth Cleghorn |0 IT\ICCU\CFIV\041757 |4 aut | |
| 245 | 1 | 0 | |a Storie di bimbe di donne, di streghe / |c Elizabeth Gaskell ; traduzione e nota critica Marisa Sestito. |
| 250 | |a 5. rist | ||
| 260 | |a Firenze : |b Giunti, |c stampa 1994 | ||
| 300 | |a 253 p. ; |c 20 cm. | ||
| 700 | 1 | |a Sestito, Marisa |0 IT\ICCU\CFIV\053569 | |
| 790 | 1 | |a Cleghorn Gaskell, Elizabeth |3 IT\ICCU\LO1V\413901 |z Gaskell, Elizabeth Cleghorn | |
| 790 | 1 | |a Gaskell, Elizabeth Cleghorn Stevenson |3 IT\ICCU\SBNV\072074 |z Gaskell, Elizabeth Cleghorn | |
| 790 | 1 | |a Gaskell, Elizabeth |3 IT\ICCU\CFIV\041758 |z Gaskell, Elizabeth Cleghorn | |
| 790 | 1 | |a Stevenson, Elizabeth, |d (1810-1865) |3 IT\ICCU\LO1V\413903 |z Gaskell, Elizabeth Cleghorn | |
| 830 | 0 | |a Astrea ; |v 15 |0 IT\ICCU\CFI\0038812 | |
| 942 | |2 ddc |c BK |n 0 | ||
| 952 | |0 0 |1 0 |4 0 |6 DOC_823_800000000000000_GAS |7 0 |9 15144 |a BO |b BO |d 2026-01-15 |i 15798 |l 0 |o DOC 823.8 GAS |p BO15798 |r 2026-01-15 23:18:59 |w 2026-01-15 |x [Sebina 5] [1 v.] |y BK |z 1 v. | ||
| 999 | |c 13033 |d 13033 | ||